The Role of the United States Postal Service in Public Safety and Security (Record no. 352717)
[ view plain ]
| 000 -LEADER | |
|---|---|
| fixed length control field | 00677nam a2200133Ia 4500 |
| 008 - FIXED-LENGTH DATA ELEMENTS--GENERAL INFORMATION | |
| fixed length control field | 171212s9999 xx 000 0 und d |
| 020 ## - INTERNATIONAL STANDARD BOOK NUMBER | |
| International Standard Book Number | 9780833046154 |
| 100 ## - MAIN ENTRY--PERSONAL NAME | |
| Personal name | Davis, Lois M.;Pollard, Michael;Goulka, Jeremiah;Mack, Katherine;Lundberg, Russell |
| 245 ## - TITLE STATEMENT | |
| Statement of responsibility, etc | Davis, Lois M.;Pollard, Michael;Goulka, Jeremiah;Mack, Katherine;Lundberg, Russell |
| Title | The Role of the United States Postal Service in Public Safety and Security |
| Remainder of title | Implications of Relaxing the Mailbox Monopoly |
| 260 ## - PUBLICATION, DISTRIBUTION, ETC. (IMPRINT) | |
| Name of publisher, distributor, etc | RAND Corporation |
| Date of publication, distribution, etc | 2008 |
| 650 ## - SUBJECT ADDED ENTRY--TOPICAL TERM | |
| Topical term or geographic name as entry element | Business |
| 650 ## - SUBJECT ADDED ENTRY--TOPICAL TERM | |
| Topical term or geographic name as entry element | United States Postal Service; Postal service -- United States -- Safety measures |
| 856 ## - ELECTRONIC LOCATION AND ACCESS | |
| Uniform Resource Identifier | <a href="www.jstor.org/stable/10.7249/mg800usps">www.jstor.org/stable/10.7249/mg800usps</a> |
| Withdrawn status | Lost status | Damaged status | Home library | Current library | Date acquired | Total Checkouts | Full call number | Date last seen | Price effective from | Koha item type |
|---|---|---|---|---|---|---|---|---|---|---|
| College Library | College Library | 12/12/2017 | HE6371.R58 2008 | 12/12/2017 | 12/12/2017 | Curriculum - Based eBooks |